| 000 | 00662nam a2200205 a 4500 | ||
|---|---|---|---|
| 005 | 20240925065536.0 | ||
| 008 | 991125s1980 mx 000 0 spa u | ||
| 020 | _a843230378X | ||
| 035 | _aUPN01000007705 | ||
| 049 | _aCG | ||
| 050 | 4 |
_aHM73 _bT4.28 |
|
| 100 | 1 |
_aTherborn, Gôran, _d1941- _934327 |
|
| 245 | 1 | 0 |
_aCiencia, clase y sociedad : _bsobre la formación de la sociología y del materialismo histórico / _cpor Göran Therborn ; tr. Santos Juliá Díaz. |
| 260 |
_aMéxico : _bSiglo XXI, _c1980. |
||
| 300 | _a466 p. | ||
| 440 | 0 | _aSociología y política | |
| 650 | 4 |
_aMaterialismo dialéctico _94555 |
|
| 650 | 4 |
_aSociología _95756 |
|
| 905 | _aLibro | ||
| 999 |
_c7705 _d7705 |
||